[Event "Madrid Vicalvaro op"]
[Site "Madrid"]
[Date "2022.05.14"]
[Round "2"]
[White "Mata Priego, Jose Maria"]
[Black "Melero Fernandez, Jose M"]
[Result "1-0"]
[WhiteElo "1466"]
[BlackElo "1257"]
[PlyCount "55"]
[EventDate "2022.05.08"]
[EventType "swiss"]
[EventRounds "7"]
[EventCountry "ESP"]
[SourceTitle "EXT 2024"]
[Source "ChessBase"]
[SourceDate "2023.10.10"]
[SourceVersion "1"]
[SourceVersionDate "2023.10.10"]
[SourceQuality "1"]

1. c4 Nf6 2. g3 g6 3. Bg2 Bg7 4. e3 d6 5. Ne2 Nc6 6. 0-0 0-0 7. d4 e5 8. Nbc3 Nd7 9. b3 f5 10. dxe5 Ndxe5 11. a3 Be6 12. Bb2 a5 13. Nf4 Bf7 14. Nfd5 Nd7 15. Na4 Nde5 16. Re1 Rb8 17. f4 Ng4 18. Bxg7 Kxg7 19. e4 Bxd5 20. cxd5 Ne7 21. Qd4+ Nf6 22. e5 c5 23. exf6+ Rxf6 24. Qb2 b5 25. Re6 Kf8 26. Qxf6+ Ke8 27. Rae1 Rb7 28. Qh8+ 1-0

[Event "Madrid Vicalvaro op"]
[Site "Madrid"]
[Date "2022.05.08"]
[Round "1"]
[White "Elissalt Cardenas, Hector"]
[Black "Mata Priego, Jose Maria"]
[Result "1-0"]
[WhiteElo "2285"]
[BlackElo "1466"]
[PlyCount "91"]
[EventDate "2022.05.08"]
[EventType "swiss"]
[EventRounds "7"]
[EventCountry "ESP"]
[SourceTitle "EXT 2024"]
[Source "ChessBase"]
[SourceDate "2023.10.10"]
[SourceVersion "1"]
[SourceVersionDate "2023.10.10"]
[SourceQuality "1"]

1. c4 e5 2. Nc3 Nf6 3. g3 Bc5 4. Bg2 a6 5. e3 d6 6. Nge2 Nc6 7. h3 0-0 8. a3 Ba7 9. 0-0 Bd7 10. Kh2 Rb8 11. b4 b5 12. d3 Re8 13. Qc2 Ne7 14. Bd2 c6 15. a4 bxc4 16. dxc4 Rxb4 17. Ne4 Rb8 18. Nxd6 Rf8 19. c5 Qc7 20. Rab1 Ne8 21. Rxb8 Bxb8 22. Nc4 Ng6 23. Ba5 Qa7 24. Bb6 Qb7 25. Rd1 Nf6 26. Nc3 Qc8 27. Nd6 Bxd6 28. cxd6 Re8 29. e4 Re6 30. Bc5 h5 31. Rb1 Ne8 32. Qd2 h4 33. Nd1 hxg3+ 34. fxg3 Nf8 35. Nf2 Rh6 36. Kg1 Ne6 37. Ba7 Qa8 38. Be3 Rg6 39. Ng4 f6 40. Rb6 c5 41. Qb2 Nd4 42. Bxd4 cxd4 43. Qb3+ Kh7 44. Qf7 Bxg4 45. hxg4 Qd8 46. d7 1-0